00413nam a2200157Ia 4500003000400000005001700004008004100021040001600062082001500078100001700093245005100110260004700161300001000208700001600218700002100234GCL20240530100345.0140319s9999 xx 000 0 eng d aGCL / cGCL04a302.2bB T1 aBERKO, ROY M10aThis Business of Communicating / cCURTIS, RAY a[S.N] : bWCB BROWN & BENCHANARK ، c1993 a398 P1 aCURTIS, RAY1 aWOLORN, ANDREW D